Sangitamapi sahityam (Record no. 1007107)

MARC details
000 -LEADER
fixed length control field 00589nam a2200229Ia 4500
003 - CONTROL NUMBER IDENTIFIER
control field OSt
005 - DATE AND TIME OF LATEST TRANSACTION
control field 20221005101632.0
008 - FIXED-LENGTH DATA ELEMENTS--GENERAL INFORMATION
fixed length control field 221004b |||||||| |||| 00| 0 mal d
037 ## - SOURCE OF ACQUISITION
Terms of availability Textual
040 ## - CATALOGING SOURCE
Original cataloging agency CRL
Transcribing agency CRL
Language of cataloging mal
041 ## - LANGUAGE CODE
Source of code mal
Language code of text/sound track or separate title mal
245 #0 - TITLE STATEMENT
Title Sangitamapi sahityam
260 ## - PUBLICATION, DISTRIBUTION, ETC.
Place of publication, distribution, etc. Trichur
Name of publisher, distributor, etc. Kerala Sangeeta Nataka Akademi India
Date of publication, distribution, etc. 1966
300 ## - PHYSICAL DESCRIPTION
Extent 111p.
Dimensions cm.
650 ## - SUBJECT ADDED ENTRY--TOPICAL TERM
Topical term or geographic name entry element MUSIC
9 (RLIN) 17402
942 ## - ADDED ENTRY ELEMENTS (KOHA)
Classification part NR212x, 32K6
Koha item type Textual
Source of classification or shelving scheme
Holdings
Withdrawn status Lost status Damaged status Not for loan Home library Current library Date acquired Total Checkouts Full call number Barcode Date last seen Price effective from Koha item type
        Central Library Central Library 2022-10-05   NR212x 32K6 CL0313743 2022-10-05 2022-10-05 Textual
Copyright @ Delhi University Library System